Desarrollo de un proceso de planificación estratégica en Fairdeal S.A., para enfrentar los efectos de la reconversión industrial
Zapisane w:
| 1. autor: | |
|---|---|
| Kolejni autorzy: | |
| Format: | Książka |
| Wydane: |
San José, Costa Rica
1992
|
| Hasła przedmiotowe: | |
| Etykiety: |
Dodaj etykietę
Nie ma etykietki, Dołącz pierwszą etykiete!
|
MARC
| LEADER | 00000nam a2200000Ia 4500 | ||
|---|---|---|---|
| 003 | 007401 | ||
| 005 | 20221231144303.0 | ||
| 008 | 140114s1992 cr a m 000 ||s d | ||
| 040 | |c cru CEDI | ||
| 090 | |a TFG 3117 | ||
| 100 | |a Gamboa Zúñiga, Luis Fabián |9 11300 | ||
| 245 | |a Desarrollo de un proceso de planificación estratégica en Fairdeal S.A., para enfrentar los efectos de la reconversión industrial | ||
| 260 | |c 1992 |a San José, Costa Rica | ||
| 300 | |a xiv [585] hojas ; 28 cm. | ||
| 500 | |a Proyecto de graduacion (licenciatura en ingenieria industrial)--Universidad de Costa Rica. Facultad de Ingeniería. Escuela de Ingenieria Industrial | ||
| 650 | |x FAIRDEAL (COSTA RICA) - ADMINISTRACION |9 11302 | ||
| 700 | |9 11301 |a Masís Soto, Manuel Felipe | ||
| 942 | |c TFG |2 ddc | ||
| 999 | |c 19616 |d 19616 | ||
